Les Personnages De The Walking Dead - Statistiques

Statistiques générales
  • Ce quiz a été pris 66 fois
  • Le résultat moyen est 36 sur 140
Statistiques - réponses
Hint Réponse % Correct
1 Rick Grimes
81%
7 Lori Grimes
65%
8 Carl Grimes
60%
28 Michonne
58%
86 Negan
58%
17 Daryl Dixon
52%
16 Merle Dixon
48%
42 Judith Grimes
46%
22 Maggie Rhee
46%
10 Carol Peletier
44%
9 Ed Peletier
44%
5 Glenn Rhee
44%
88 Ezekiel
42%
2 Shane Walsh
42%
58 Aaron
40%
124 Bêta
40%
50 Eugene Porter
40%
11 Sophia Peletier
40%
48 Abraham Ford
38%
122 Alpha
38%
80 Dwight
38%
72 Enid
38%
54 Gareth
38%
18 T-Dog
38%
116 Connie
35%
21 Hershel Greene
35%
20 Jim
35%
38 Le Gouverneur
35%
79 Simon
35%
23 Beth Greene
33%
64 Deanna Monroe
33%
76 Gregory
33%
89 Jerry
33%
114 Magna
33%
14 Morales
33%
49 Rosita Espinosa
33%
105 Siddiq
33%
67 Spencer Monroe
33%
12 Amy Harrison
31%
13 Andrea Harrison
31%
59 Eric
31%
129 Gamma
31%
26 Jimmy
31%
118 Luke
31%
123 Lydia
31%
24 Otis
31%
25 Patricia
31%
45 Tara Chambler
31%
115 Yumiko
31%
37 Ben
29%
6 Dale Horvath
29%
92 Henry
29%
15 Jacqui
29%
117 Kelly
29%
3 Morgan Jones
29%
57 Noah
29%
65 Reg Monroe
29%
66 Aiden Monroe
27%
4 Duane Jones
27%
55 Gabriel Stokes
27%
61 Jessie Anderson
27%
132 Lucille
27%
39 Milton Mamet
27%
33 Oscar
27%
60 Pete Anderson
27%
62 Ron Anderson
27%
63 Sam Anderson
27%
34 Sasha Williams
27%
106 Alden
25%
43 Bob Stookey
25%
98 Jadis
25%
46 Lilly Chambler
25%
51 Lizzie Samuels
25%
47 Meghan Chambler
25%
52 Mika Samuels
25%
69 Olivia
25%
81 Sherry
25%
35 Tyreese Williams
25%
36 Allen
23%
31 Andrew
23%
100 Arat
23%
32 Axel
23%
91 Benjamin
23%
83 Heath
23%
127 Hershel Rhee
23%
53 Joe
23%
71 Nicholas
23%
74 Paul Jesus Rovia
23%
90 Richard
23%
30 Big Tiny
21%
93 Cyndie
21%
103 Gavin
21%
44 Karen
21%
70 Tobin
21%
29 Tomas
21%
128 Dante
19%
68 Denise Cloyd
19%
97 Dianne
19%
19 Edwin Jenner
19%
107 Laura
19%
140 Coco
17%
119 DJ
17%
137 Gracie
17%
136 Nabila
17%
73 Owen
17%
82 Tina
17%
95 Beatrice
15%
104 Jared
15%
85 Bertie
13%
40 Caesar Martinez
13%
110 Earl Sutton
13%
75 Harlan Carson
13%
78 Kal
13%
94 Rachel Ward
13%
41 Shumpert
13%
130 Virgil
13%
120 Addy
10%
56 Dawn Lerner
10%
102 Emmett Carson
10%
27 Randall Culver
10%
121 Rodney
10%
126 Alek
8%
99 Daniel
8%
87 Eastman
8%
113 Jed
8%
112 Justin
8%
131 Leah
8%
125 Ozzy
8%
138 Rick Grimes Junior
8%
111 Tammy Rose Sutton
8%
139 Adam
6%
133 Brandon
6%
77 Eduardo
6%
135 Juanita Princesse Sanchez
4%
84 Andy
2%
134 Eijah (Ninja)
2%
101 Gary
2%
109 Ken Sutton
2%
96 Nataniel
2%
108 Georgie
0%
Aucun quiz correspondant
Distribution des résultats
% des personnes avec chaque résultat
Percentile par nombre de réponses
Votre historique - résultats
Vous n’avez pas pris ce quiz